[Event "DBMM 2015 (XV.)"]
[Site "München"]
[Date "2015.10.23"]
[Round "6.1"]
[White "Karthaus, Carsten"]
[Black "Hein, Ralf"]
[Result "1/2-1/2"]
[WhiteElo "1925"]
[BlackElo "2040"]
[PlyCount "119"]
[EventDate "2015.10.24"]
[EventCountry "GER"]
[WhiteTeam "SG Stern Stuttgart 1"]
[BlackTeam "Baubehörde Hamburg 1"]

1. e4 c5 2. Nf3 Nc6 3. d4 cxd4 4. Nxd4 Nf6 5. Nc3 d6 6. Be2 g6 7. O-O Bg7 8.
Be3 O-O 9. f4 Bd7 10. Kh1 Nxd4 11. Bxd4 Bc6 12. Bf3 Qa5 13. a3 e5 14. Be3 Rad8
15. b4 Qc7 16. Rb1 b6 17. Qd3 Rd7 18. Rfc1 Rc8 19. Rb3 d5 20. Nxd5 Bxd5 21.
exd5 exf4 22. Bf2 Qc4 23. Qxc4 Rxc4 24. Rd3 h5 25. Bd4 Ng4 26. Bxg4 hxg4 27.
Bxg7 Kxg7 28. c3 Kf6 29. Kg1 Ke5 30. Rcd1 Kd6 31. Kf2 Rdc7 32. Rc1 Re7 33. Rc2
Re5 34. Rcd2 Rh5 35. h3 gxh3 36. gxh3 g5 37. Rd1 Rh6 38. Re1 f5 39. Re8 g4 40.
hxg4 fxg4 41. Rg8 g3+ 42. Kf3 Rf6 43. Rd8+ Ke7 44. Ra8 Rc7 45. Rg8 b5 46. Rg7+
Kd6 47. Rg8 Rh7 48. a4 a6 49. axb5 axb5 50. Rb8 Rg7 51. Rd1 g2 52. Rg1 Rg3+ 53.
Kf2 Rxc3 54. Rxg2 f3 55. Rb6+ Kc7 56. Rxf6 fxg2 57. Kxg2 Rc4 58. Kf3 Rxb4 59.
Ke3 Rh4 60. Kd3 1/2-1/2

[Event "DBMM 2015 (XV.)"]
[Site "München"]
[Date "2015.10.23"]
[Round "6.3"]
[White "Bangert, Udo"]
[Black "Buchholz, Robert"]
[Result "0-1"]
[WhiteElo "1904"]
[BlackElo "1990"]
[PlyCount "92"]
[EventDate "2015.10.24"]
[EventCountry "GER"]
[WhiteTeam "SG Stern Stuttgart 1"]
[BlackTeam "Baubehörde Hamburg 1"]

1. e4 d5 2. exd5 Nf6 3. c4 c6 4. dxc6 Nxc6 5. Nc3 e5 6. d3 Bf5 7. Nf3 e4 8.
dxe4 Qxd1+ 9. Nxd1 Nxe4 10. a3 Be7 11. Ne3 Bg6 12. Be2 O-O-O 13. O-O Nc5 14.
Bd2 Nb3 15. Rad1 Bf6 16. Bc3 Bxc3 17. bxc3 Rhe8 18. Rxd8+ Rxd8 19. Rd1 Rxd1+
20. Nxd1 Kc7 21. Ne3 Kb6 22. Bd1 Nc5 23. Nd4 Bd3 24. Nd5+ Ka5 25. Nb3+ Nxb3 26.
Bxb3 Ne5 27. Ne3 Kb6 28. f4 Nd7 29. c5+ Nxc5 30. Bxf7 Ne4 31. c4 Kc5 32. g4 Nd6
33. Bg8 Kd4 34. Nf5+ Nxf5 35. gxf5 Bxf5 36. Kf2 h6 37. Kf3 Kc3 38. Ke3 Kb3 39.
Kd4 Kxa3 40. Ke5 Bg4 41. h4 Kb4 42. f5 a5 43. f6 gxf6+ 44. Kxf6 a4 45. Kg6 h5
46. Kg5 a3 0-1

[Event "DBMM 2015 (XV.)"]
[Site "München"]
[Date "2015.10.23"]
[Round "6.4"]
[White "Raum, Norbert"]
[Black "Pillath, Marcus"]
[Result "1/2-1/2"]
[WhiteElo "1816"]
[BlackElo "1631"]
[PlyCount "109"]
[EventDate "2015.10.24"]
[EventCountry "GER"]
[WhiteTeam "Baubehörde Hamburg 1"]
[BlackTeam "SG Stern Stuttgart 1"]

1. Nf3 Nf6 2. g3 d5 3. Bg2 Bf5 4. Nh4 Bc8 5. d4 c6 6. O-O h6 7. Qd3 e6 8. f4
Bd6 9. c4 dxc4 10. Qxc4 Qb6 11. Nc3 Qa6 12. Qxa6 Nxa6 13. a3 O-O 14. e4 Bc7 15.
Nf3 Rd8 16. Kh1 Bb6 17. Be3 Ng4 18. Bg1 Nf6 19. Rfe1 Nb8 20. Rad1 Nbd7 21. b4
Nf8 22. Ne5 Bd7 23. Nc4 Bc7 24. d5 exd5 25. exd5 Bg4 26. Rd2 cxd5 27. Bxd5 Nxd5
28. h3 Bf3+ 29. Kh2 Nxc3 30. Re3 Rxd2+ 31. Nxd2 Bc6 32. Rxc3 Rd8 33. Be3 Bb6
34. Nc4 Bxe3 35. Rxe3 Ne6 36. f5 Ng5 37. h4 Nf3+ 38. Kh3 Rd1 39. g4 Rh1+ 40.
Kg3 Nd4 41. Na5 Rg1+ 42. Kf4 Rf1+ 43. Ke5 Nf3+ 44. Kd6 Rd1+ 45. Kc7 Nxh4 46.
Nxc6 bxc6 47. Re8+ Kh7 48. Kxc6 Ra1 49. Re3 Ng2 50. Rc3 Nf4 51. Kb7 Nd5 52. Rb3
g6 53. Kxa7 gxf5 54. gxf5 Kg7 55. b5 1/2-1/2

[Event "DBMM 2015 (XV.)"]
[Site "München"]
[Date "2015.10.23"]
[Round "6.1"]
[White "Reichardt, Peter"]
[Black "Blum, Norbert"]
[Result "0-1"]
[WhiteElo "1941"]
[BlackElo "2027"]
[PlyCount "74"]
[EventDate "2015.10.24"]
[EventCountry "GER"]
[WhiteTeam "Bayerische Landesbank 2"]
[BlackTeam "SV Spark.Vers. Stuttgart"]

1. e4 e6 2. d4 d5 3. Nc3 dxe4 4. Nxe4 Nd7 5. Nf3 Ngf6 6. Bg5 h6 7. Nxf6+ Nxf6
8. Bh4 c5 9. Bxf6 gxf6 10. g3 Qb6 11. Bg2 Qxb2 12. O-O Qc3 13. Re1 Bd6 14. Re3
Qa5 15. Nh4 Kf8 16. Rb3 Rb8 17. a4 cxd4 18. Rb5 Qc7 19. Qxd4 Be5 20. Qb4+ Qe7
21. Rb1 Qxb4 22. R5xb4 Bd7 23. Bxb7 Kg7 24. Be4 Bxa4 25. Nf3 Bd6 26. Rb7 Rhc8
27. Nd4 Rxb7 28. Rxb7 Rc7 29. Rxc7 Bxc7 30. Kf1 Bb6 31. Nb3 Bb5+ 32. Bd3 Bxd3+
33. cxd3 f5 34. d4 a5 35. Nc5 Bxc5 36. dxc5 Kf6 37. f4 a4 0-1

[Event "DBMM 2015 (XV.)"]
[Site "München"]
[Date "2015.10.23"]
[Round "6.3"]
[White "Wolf, Dietrich Hans"]
[Black "Lau, Peter"]
[Result "0-1"]
[WhiteElo "1994"]
[BlackElo "1820"]
[PlyCount "60"]
[EventDate "2015.10.24"]
[EventCountry "GER"]
[WhiteTeam "Bayerische Landesbank 2"]
[BlackTeam "SV Spark.Vers. Stuttgart"]

1. e4 e6 2. d4 d5 3. exd5 exd5 4. c4 Nf6 5. Nc3 Be6 6. Bg5 Be7 7. Nf3 Nbd7 8.
cxd5 Nxd5 9. Bxe7 Qxe7 10. Bc4 Nxc3 11. Bxe6 Qxe6+ 12. Kd2 Nxd1 13. Re1 Qxe1+
14. Kxe1 Nxb2 15. Rb1 Na4 16. Rxb7 O-O 17. Rxc7 Nf6 18. Ne5 Nb6 19. Nc6 Nbd5
20. Ne7+ Nxe7 21. Rxe7 Rfe8 22. Re3 Rxe3+ 23. fxe3 Rb8 24. h3 Rb2 25. g4 Rxa2
26. g5 Ne4 27. d5 g6 28. h4 Kf8 29. Kf1 Ke7 30. Kg1 Kd6 0-1

[Event "DBMM 2015 (XV.)"]
[Site "München"]
[Date "2015.10.23"]
[Round "6.1"]
[White "Bumes, Konrad"]
[Black "WGM Belic, Jordanka"]
[Result "1/2-1/2"]
[WhiteElo "2022"]
[BlackElo "2248"]
[PlyCount "110"]
[EventDate "2015.10.24"]
[EventCountry "GER"]
[WhiteTeam "Europäisches Patentamt Mü. 3"]
[BlackTeam "imp GmbH Halle/Saale 1"]

1. d4 Nc6 2. Nf3 d5 3. e3 Bg4 4. Be2 Nf6 5. Nbd2 e6 6. O-O Be7 7. c4 O-O 8. a3
Re8 9. b4 Bf8 10. Bb2 Ne7 11. Ne5 Bxe2 12. Qxe2 c6 13. c5 Ng6 14. f4 Nxe5 15.
dxe5 Nd7 16. Bd4 b6 17. Nb3 bxc5 18. Bxc5 Bxc5 19. bxc5 Qc7 20. Rfc1 a5 21. Nd4
Rec8 22. Qc2 a4 23. Rab1 Qa7 24. Rb4 h6 25. h3 Qa6 26. Kh2 Rcb8 27. Rcb1 Rxb4
28. Rxb4 Qa5 29. Nxc6 Qxc5 30. Qxc5 Nxc5 31. Kg1 Kf8 32. Kf1 Rc8 33. Na7 Ra8
34. Nb5 f6 35. exf6 gxf6 36. Ke2 Ke7 37. Nc3 Kd6 38. Nb5+ Kd7 39. Nc3 Kc6 40.
e4 dxe4 41. Nxe4 Nxe4 42. Rxe4 Kd5 43. Rb4 Kc5 44. Kf3 Ra7 45. g4 Kd5 46. Kg3
Ra6 47. Kh4 e5 48. fxe5 fxe5 49. Kg3 e4 50. h4 Ke5 51. g5 hxg5 52. hxg5 Kf5 53.
Rb5+ Kg6 54. Kf4 Re6 55. Ke3 Rc6 1/2-1/2

[Event "DBMM 2015 (XV.)"]
[Site "München"]
[Date "2015.10.23"]
[Round "6.3"]
[White "Santos, Paulo"]
[Black "Kleint, Gert"]
[Result "1-0"]
[WhiteElo "1833"]
[BlackElo "1757"]
[PlyCount "120"]
[EventDate "2015.10.24"]
[EventCountry "GER"]
[WhiteTeam "Europäisches Patentamt Mü. 3"]
[BlackTeam "imp GmbH Halle/Saale 1"]

1. e4 c5 2. Nc3 Nc6 3. g3 g6 4. Bg2 Bg7 5. d3 d6 6. Be3 e6 7. f4 Nge7 8. Nf3
Nd4 9. O-O O-O 10. Rb1 Rb8 11. g4 f5 12. gxf5 exf5 13. e5 Nec6 14. exd6 Qxd6
15. Qd2 Re8 16. Rfe1 Nxf3+ 17. Bxf3 Nd4 18. Bg2 Be6 19. a3 b5 20. Qf2 Rbc8 21.
Kh1 b4 22. Nd1 b3 23. cxb3 Nxb3 24. Qc2 Red8 25. Nf2 Bf7 26. Rbd1 Rb8 27. Rb1
Nd4 28. Qa4 a6 29. Qd1 Bb3 30. Qc1 Nc2 31. Re2 Nxe3 32. Qxe3 Bd4 33. Qg3 Bxf2
34. Qxf2 Qxd3 35. Rbe1 Qd4 36. Qh4 Rd7 37. Re3 Bf7 38. Bc6 Rc7 39. Bg2 Qd6 40.
Qf2 Bd5 41. Bxd5+ Qxd5+ 42. Kg1 Qd4 43. Re8+ Rxe8 44. Rxe8+ Kf7 45. Qxd4 cxd4
46. Rd8 Rc1+ 47. Kf2 Rc2+ 48. Kg1 Rxb2 49. Rxd4 Rb5 50. a4 Rc5 51. Kf2 Ke6 52.
Ke3 Rc3+ 53. Kf2 a5 54. Kg2 Rb3 55. Rd8 Rb4 56. Kg3 Rxa4 57. Rh8 h5 58. Rg8 Kf6
59. Ra8 Ra1 60. Ra6+ Kg7 1-0

[Event "DBMM 2015 (XV.)"]
[Site "München"]
[Date "2015.10.23"]
[Round "6.1"]
[White "Urban, Ralf-Dieter"]
[Black "Eggenstein, Frank"]
[Result "1/2-1/2"]
[WhiteElo "2063"]
[BlackElo "2013"]
[PlyCount "95"]
[EventDate "2015.10.24"]
[EventCountry "GER"]
[WhiteTeam "Transit Hühnerposten Hamburg 1"]
[BlackTeam "RWE Essen 1"]

1. e4 e6 2. d4 d5 3. Nd2 Nf6 4. Bd3 c5 5. e5 Nfd7 6. c3 Nc6 7. Ne2 cxd4 8. cxd4
Qb6 9. O-O Nxd4 10. Nxd4 Qxd4 11. Nf3 Qb6 12. Be3 Bc5 13. Qe2 Bxe3 14. fxe3 f5
15. exf6 Nxf6 16. Ne5 Qd6 17. Rxf6 Qxe5 18. Bb5+ Ke7 19. Rf4 a6 20. Bd3 Bd7 21.
Raf1 Raf8 22. Qd2 Rf6 23. Qb4+ Ke8 24. Rxf6 gxf6 25. Qb6 f5 26. Kh1 Ke7 27.
Qb4+ Qd6 28. Qh4+ Ke8 29. g4 Qe7 30. Qh5+ Qf7 31. Qh6 Qg6 32. Qf4 Rg8 33. Rg1
Qg5 34. Qd4 Bc6 35. Rg3 Qg7 36. gxf5 Qxd4 37. Rxg8+ Kf7 38. fxe6+ Kxg8 39. exd4
h6 40. Bg6 Kg7 41. Bf5 Kf6 42. Bh3 a5 43. Kg2 b6 44. Kg3 Be8 45. Kh4 Bg6 46.
Bg4 Ke7 47. Bh5 Bb1 48. a3 1/2-1/2

[Event "DBMM 2015 (XV.)"]
[Site "München"]
[Date "2015.10.23"]
[Round "6.2"]
[White "Gielisch, Eckhart"]
[Black "Meister, Bernd-Holger"]
[Result "1-0"]
[WhiteElo "1758"]
[BlackElo "1819"]
[PlyCount "103"]
[EventDate "2015.10.24"]
[EventCountry "GER"]
[WhiteTeam "RWE Essen 1"]
[BlackTeam "Transit Hühnerposten Hamburg 1"]

1. d4 Nf6 2. c4 g6 3. Nc3 Bg7 4. e4 O-O 5. f3 d6 6. Be3 e5 7. d5 Nbd7 8. Nh3 a6
9. Be2 Ne8 10. g4 Kh8 11. Qc2 f5 12. Ng5 f4 13. Ne6 Qe7 14. Nxf8 fxe3 15. Nxd7
Qh4+ 16. Kd1 Bxd7 17. Qd3 Bh6 18. Kc2 c6 19. Rae1 b5 20. dxc6 Bxc6 21. cxb5
axb5 22. Nxb5 Qd8 23. Nc3 Nc7 24. Rd1 Ne6 25. Qc4 Nd4+ 26. Rxd4 exd4 27. Qxd4+
Bg7 28. Qxe3 Qb8 29. Bc4 Qb4 30. Bb3 Re8 31. Rd1 h6 32. h4 Rf8 33. Nd5 Bxd5 34.
Rxd5 Kh7 35. Rd3 Qa5 36. Kb1 Qe5 37. Qd2 Qg3 38. h5 Be5 39. hxg6+ Kxg6 40. Bd1
Rc8 41. a3 Bf4 42. Qa5 Rc5 43. Qd8 Rc1+ 44. Ka2 Be5 45. Qg8+ Kf6 46. Qf8+ Kg6
47. Qf5+ Kg7 48. Bb3 Rc7 49. Rd2 Qe1 50. Rc2 Re7 51. Rc8 Qd2 52. Rg8# 1-0

[Event "DBMM 2015 (XV.)"]
[Site "München"]
[Date "2015.10.23"]
[Round "6.3"]
[White "Bohn, Christoph"]
[Black "Hielscher, Klaus-Peter"]
[Result "0-1"]
[WhiteElo "1920"]
[BlackElo "1727"]
[PlyCount "92"]
[EventDate "2015.10.24"]
[EventCountry "GER"]
[WhiteTeam "Transit Hühnerposten Hamburg 1"]
[BlackTeam "RWE Essen 1"]

1. c4 Nf6 2. Nc3 g6 3. g3 Bg7 4. Bg2 d6 5. Nf3 c6 6. O-O O-O 7. d4 Nbd7 8. e4
e5 9. dxe5 dxe5 10. h3 Qc7 11. Qe2 Nc5 12. b4 Ne6 13. Be3 Nh5 14. Rad1 f5 15.
exf5 Rxf5 16. Qd2 Rf7 17. Qd6 a5 18. Qxc7 Rxc7 19. Bb6 Rd7 20. Bxa5 Nd4 21.
Rfe1 Nxf3+ 22. Bxf3 Rxd1 23. Rxd1 Bxh3 24. Ne4 Be6 25. Nd6 Rf8 26. Bg2 Nf6 27.
a3 e4 28. c5 Bc8 29. Nxe4 Nxe4 30. Bxe4 Bb2 31. Rd3 Be6 32. Rd6 Kf7 33. Bxc6
bxc6 34. Rxc6 Bd5 35. Rc7+ Kg8 36. Rd7 Rf5 37. a4 Bd4 38. Rxd5 Rxd5 39. c6 Rf5
40. Bd8 Rxf2 41. Kh1 Rc2 42. b5 Kf7 43. a5 Ke8 44. Bg5 Bc3 45. b6 Bxa5 46. Be3
Rxc6 0-1

[Event "DBMM 2015 (XV.)"]
[Site "München"]
[Date "2015.10.23"]
[Round "6.1"]
[White "Bender, Gerhard Dr"]
[Black "Körlin, Hans-Jürgen"]
[Result "1/2-1/2"]
[WhiteElo "2017"]
[BlackElo "1882"]
[PlyCount "42"]
[EventDate "2015.10.24"]
[EventCountry "GER"]
[WhiteTeam "Deutsches Patent- und Markenamt"]
[BlackTeam "Bezirksamt Berlin Tempelhof 1"]

1. e4 e5 2. Nf3 Nc6 3. d4 exd4 4. Nxd4 Nf6 5. Nc3 Bb4 6. Nxc6 bxc6 7. Bd3 d5 8.
exd5 cxd5 9. O-O O-O 10. Bg5 Bb7 11. Qf3 Be7 12. Qf5 Qc8 13. Rfe1 Qxf5 14. Bxf5
Rfe8 15. Nb5 Bb4 16. c3 Ba5 17. Bf4 c5 18. Nd6 Rxe1+ 19. Rxe1 Bc6 20. Re7 d4
21. c4 Be8 1/2-1/2

[Event "DBMM 2015 (XV.)"]
[Site "München"]
[Date "2015.10.23"]
[Round "6.2"]
[White "Kettenburg, Stefan Dr"]
[Black "Junker, Carsten"]
[Result "1-0"]
[WhiteElo "2063"]
[BlackElo "1700"]
[PlyCount "25"]
[EventDate "2015.10.24"]
[EventCountry "GER"]
[WhiteTeam "Bezirksamt Berlin Tempelhof 1"]
[BlackTeam "Deutsches Patent- und Markenamt"]

1. d4 Nf6 2. c4 g6 3. Nc3 d5 4. cxd5 Nxd5 5. e4 Nxc3 6. bxc3 Bg7 7. Bc4 O-O 8.
Ne2 c5 9. O-O cxd4 10. cxd4 Nc6 11. Be3 a6 12. Rc1 b5 13. Bd5 1-0

[Event "DBMM 2015 (XV.)"]
[Site "München"]
[Date "2015.10.23"]
[Round "6.3"]
[White "Milak, Adela"]
[Black "Schmidt, Jörg"]
[Result "0-1"]
[WhiteElo "1658"]
[BlackElo "1736"]
[PlyCount "48"]
[EventDate "2015.10.24"]
[EventCountry "GER"]
[WhiteTeam "Deutsches Patent- und Markenamt"]
[BlackTeam "Bezirksamt Berlin Tempelhof 1"]

1. Nf3 d5 2. g3 g6 3. Bg2 Bg7 4. O-O e5 5. d4 e4 6. Ne5 f6 7. f4 fxe5 8. fxe5
Be6 9. b3 c6 10. Ba3 Ne7 11. Nd2 Nf5 12. Rf2 e3 13. Qf1 exf2+ 14. Qxf2 Qa5 15.
Nf3 Qxa3 16. Ng5 Qe7 17. h4 Nd7 18. a4 O-O-O 19. a5 Rdf8 20. Qf4 h6 21. Nxe6
Qxe6 22. Bh3 Nxe5 23. Ra4 Nd7 24. Qd2 Qe3+ 0-1

[Event "DBMM 2015 (XV.)"]
[Site "München"]
[Date "2015.10.23"]
[Round "6.4"]
[White "Baranowsky, Peter"]
[Black "Rohde, Dieter"]
[Result "1-0"]
[WhiteElo "1945"]
[BlackElo "1700"]
[PlyCount "73"]
[EventDate "2015.10.24"]
[EventCountry "GER"]
[WhiteTeam "Bezirksamt Berlin Tempelhof 1"]
[BlackTeam "Deutsches Patent- und Markenamt"]

1. d4 d5 2. c4 c6 3. Nc3 Nf6 4. e3 e6 5. Nf3 Nbd7 6. Bd3 dxc4 7. Bxc4 Nb6 8.
Bd3 Be7 9. O-O O-O 10. Qc2 h6 11. Rd1 Qc7 12. Bd2 a6 13. Rac1 Nbd5 14. a3 Nxc3
15. Bxc3 Rd8 16. e4 Qb6 17. Qd2 Qa7 18. Ne5 Bd7 19. Bb1 Bf8 20. Qc2 Be8 21. Nf3
g6 22. d5 Bg7 23. dxe6 fxe6 24. Nh4 Kh7 25. e5 Ng4 26. Nxg6 Qxf2+ 27. Qxf2 Nxf2
28. Nf4+ Kg8 29. Kxf2 Bd7 30. Ba2 Kf7 31. Rd6 Bf8 32. Bxe6+ Bxe6 33. Rxe6 Bg7
34. Rd6 Ke7 35. Rcd1 Ke8 36. Ne6 Rxd6 37. Nxg7+ 1-0

[Event "DBMM 2015 (XV.)"]
[Site "München"]
[Date "2015.10.23"]
[Round "6.1"]
[White "Hähnle, Bernd"]
[Black "Baudrexel, Peter"]
[Result "1/2-1/2"]
[WhiteElo "1959"]
[BlackElo "1841"]
[PlyCount "82"]
[EventDate "2015.10.24"]
[EventType "swiss"]
[EventCountry "GER"]
[WhiteTeam "Kreissparkasse Heilbronn"]
[BlackTeam "ADAC München 2"]

1. d4 f5 2. Nf3 Nf6 3. Bf4 d5 4. Nbd2 e6 5. Ne5 c5 6. c3 Nc6 7. Nxc6 bxc6 8. e3
Bd6 9. Bxd6 Qxd6 10. Nf3 O-O 11. Ne5 a5 12. Bd3 a4 13. Qe2 Bd7 14. O-O c4 15.
Bc2 Rfb8 16. Rab1 c5 17. f4 Be8 18. g4 g6 19. gxf5 exf5 20. Qg2 Ne4 21. Bxe4
dxe4 22. Nxc4 Qe6 23. b3 Bb5 24. d5 Qa6 25. Qe2 Rd8 26. Rfd1 Ra7 27. Rd2 Rad7
28. Rbd1 axb3 29. axb3 Qf6 30. Qf2 Bxc4 31. bxc4 Qxc3 32. Rc2 Qb3 33. Rdc1 Ra8
34. Rc3 Qa4 35. Qb2 Qa6 36. Rb3 Qd6 37. Rb6 Qe7 38. Rb1 Rad8 39. Qf2 Qg7 40.
Qc2 g5 41. Kh1 g4 1/2-1/2

[Event "DBMM 2015 (XV.)"]
[Site "München"]
[Date "2015.10.23"]
[Round "6.2"]
[White "Weidl, Robert"]
[Black "Kern, Hans-Joachim"]
[Result "1-0"]
[WhiteElo "1875"]
[BlackElo "1719"]
[PlyCount "141"]
[EventDate "2015.10.24"]
[EventCountry "GER"]
[WhiteTeam "ADAC München 2"]
[BlackTeam "Kreissparkasse Heilbronn"]

1. e4 c5 2. Nf3 d6 3. d4 cxd4 4. Nxd4 Nc6 5. Nc3 Nf6 6. Be2 a6 7. Be3 Bd7 8.
O-O Qc7 9. f4 e5 10. Nb3 Rc8 11. Bf3 Be7 12. Na4 b5 13. Nb6 Rd8 14. Qe2 O-O 15.
a4 bxa4 16. Nxa4 Rb8 17. Qxa6 Nb4 18. Qa7 Rb7 19. Qa5 Qxc2 20. Nd2 Bd8 21. Qa8
Rc7 22. Ra3 Bc6 23. Qb8 Rb7 24. Qa8 Bb6 25. Qxb7 Bxb7 26. Nxb6 Qc7 27. Rc3 Qb8
28. fxe5 dxe5 29. Bc5 Rd8 30. Ndc4 Na6 31. Bd6 Rxd6 32. Nxd6 Qxd6 33. Nc4 Qe7
34. Rd1 g6 35. Nd6 Kg7 36. Rb3 Nc5 37. Rb5 Bxe4 38. Rxc5 Bxf3 39. gxf3 e4 40.
Rg5 Qa7+ 41. Kg2 h6 42. Rg3 Nh5 43. Rg4 exf3+ 44. Kxf3 Qa8+ 45. Kf2 Nf6 46. Rb4
h5 47. Rdd4 Ng4+ 48. Kg3 Qc6 49. Rb7 Ne5 50. Kf4 Qc5 51. Rd1 g5+ 52. Ke4 Kg6
53. Rd5 f5+ 54. Nxf5 Qc2+ 55. Kxe5 Qxf5+ 56. Kd6 Qf8+ 57. Kc7 h4 58. Rb6+ Kh5
59. Rbb5 Qf4+ 60. Kc6 h3 61. Rxg5+ Qxg5 62. Rxg5+ Kxg5 63. b4 Kf4 64. b5 Kf3
65. b6 Kg2 66. b7 Kxh2 67. b8=Q+ Kh1 68. Qb1+ Kg2 69. Qc2+ Kg1 70. Qd1+ Kg2 71.
Qg4+ 1-0

[Event "DBMM 2015 (XV.)"]
[Site "München"]
[Date "2015.10.23"]
[Round "6.3"]
[White "Metzger, Kai"]
[Black "Obermeier, Karlheinz"]
[Result "1-0"]
[WhiteElo "1559"]
[BlackElo "1522"]
[PlyCount "107"]
[EventDate "2015.10.24"]
[EventCountry "GER"]
[WhiteTeam "Kreissparkasse Heilbronn"]
[BlackTeam "ADAC München 2"]

1. e4 e5 2. Nf3 d6 3. d4 exd4 4. Nxd4 Nc6 5. Nxc6 bxc6 6. Bc4 Nf6 7. Nc3 Be7 8.
O-O O-O 9. Re1 Nd7 10. Bf4 Bg5 11. Bg3 Bh4 12. Re3 Bg5 13. f4 Bh4 14. Qe1 Be7
15. Bf2 Nb6 16. Bd3 Be6 17. f5 Bc4 18. Qe2 Bxd3 19. cxd3 Bf6 20. Rh3 Re8 21.
Qh5 h6 22. Be3 Bg5 23. Re1 d5 24. Rg3 f6 25. Bxg5 fxg5 26. e5 Qe7 27. Qg6 Qf7
28. Qxf7+ Kxf7 29. h4 gxh4 30. Rg4 Re7 31. Rg6 Rae8 32. e6+ Kf8 33. Rf1 d4 34.
Ne2 c5 35. Rf4 Nd5 36. Rxh4 Nf6 37. Nf4 c6 38. g4 Kg8 39. Rhxh6 a5 40. b3 Nd5
41. Nh5 Rf8 42. Kg2 Rb7 43. Kf3 Re7 44. Nf4 Nc7 45. Ke4 Ne8 46. g5 Nd6+ 47. Ke5
Nxf5 48. Nh5 Nxh6 49. gxh6 Kh7 50. Rxg7+ Rxg7 51. hxg7 Rf1 52. Kd6 Rg1 53. Kd7
Kh6 54. e7 1-0

[Event "DBMM 2015 (XV.)"]
[Site "München"]
[Date "2015.10.23"]
[Round "6.1"]
[White "Hiltner, Karlpeter Dr"]
[Black "Schmidt, Konrad"]
[Result "0-1"]
[WhiteElo "1805"]
[BlackElo "1801"]
[PlyCount "62"]
[EventDate "2015.10.24"]
[EventCountry "GER"]
[WhiteTeam "Europäisches Patentamt Mü. 4"]
[BlackTeam "SG Deutscher Bundestag Bonn"]

1. d4 Nf6 2. c4 g6 3. Nf3 Bg7 4. h3 O-O 5. Bf4 d5 6. e3 c5 7. Nc3 Nc6 8. cxd5
Nxd5 9. Nxd5 Qxd5 10. Qa4 cxd4 11. Rd1 Be6 12. b3 Rfd8 13. Bc4 Qf5 14. Bd3 Qc5
15. e4 Qc3+ 16. Kf1 Rac8 17. g4 Nb4 18. Ne1 Nxd3 19. Rxd3 Qc6 20. f3 Qxa4 21.
bxa4 Bxa2 22. Kf2 Rc3 23. Rd2 Bb3 24. a5 e5 25. Bh2 Bh6 26. f4 Ba4 27. g5 Bg7
28. Rd3 Bc6 29. Kf3 exf4 30. Rxc3 dxc3 31. Bxf4 Rd1 0-1

[Event "DBMM 2015 (XV.)"]
[Site "München"]
[Date "2015.10.23"]
[Round "6.2"]
[White "Stark, Rainer"]
[Black "Achermann, Didier"]
[Result "1/2-1/2"]
[WhiteElo "2090"]
[BlackElo "1724"]
[PlyCount "47"]
[EventDate "2015.10.24"]
[EventCountry "GER"]
[WhiteTeam "SG Deutscher Bundestag Bonn"]
[BlackTeam "Europäisches Patentamt Mü. 4"]

1. d4 Nf6 2. c4 g6 3. Nc3 Bg7 4. e4 d6 5. f3 O-O 6. Be3 e5 7. d5 Ne8 8. Bd3 f5
9. exf5 gxf5 10. Qc2 c6 11. O-O-O Na6 12. a3 Nac7 13. dxc6 bxc6 14. g4 e4 15.
fxe4 f4 16. Bd2 Bxg4 17. Rf1 Ne6 18. Be2 Nd4 19. Qd3 Nb3+ 20. Kb1 Nxd2+ 21.
Qxd2 Qg5 22. Bxg4 Qxg4 23. Nf3 Rb8 24. Rhg1 1/2-1/2

[Event "DBMM 2015 (XV.)"]
[Site "München"]
[Date "2015.10.23"]
[Round "6.1"]
[White "Ungerer, Markus"]
[Black "Quast, Michael"]
[Result "1/2-1/2"]
[WhiteElo "2131"]
[BlackElo "1760"]
[PlyCount "58"]
[EventDate "2015.10.24"]
[EventCountry "GER"]
[WhiteTeam "Wüstenrot & Württembergische 1"]
[BlackTeam "Bezirksamt Berlin Tempelhof 2"]

1. e4 b6 2. d4 Bb7 3. Bd3 e6 4. Nf3 c5 5. c4 cxd4 6. Nxd4 Bb4+ 7. Nd2 Nc6 8.
N4f3 Nge7 9. O-O O-O 10. a3 Bd6 11. b4 Ne5 12. Nxe5 Bxe5 13. Rb1 f5 14. Qe2 Ng6
15. Nf3 Bc7 16. Rd1 Qb8 17. g3 f4 18. g4 e5 19. c5 Qe8 20. Bb5 Bc6 21. Bc4+ Kh8
22. b5 Bb7 23. cxb6 Bxb6 24. Bd5 Rb8 25. a4 Qe7 26. Rb3 Nh4 27. Ba3 Nxf3+ 28.
Qxf3 Bc5 29. Bb2 d6 1/2-1/2

[Event "DBMM 2015 (XV.)"]
[Site "München"]
[Date "2015.10.23"]
[Round "6.3"]
[White "Uhlarz, Jörg"]
[Black "Wolf, Wilfried"]
[Result "0-1"]
[WhiteElo "1676"]
[BlackElo "1526"]
[PlyCount "104"]
[EventDate "2015.10.24"]
[EventCountry "GER"]
[WhiteTeam "Wüstenrot & Württembergische 1"]
[BlackTeam "Bezirksamt Berlin Tempelhof 2"]

1. d4 Nf6 2. c4 d5 3. Nc3 e6 4. Nf3 h6 5. g3 Bd7 6. Bg2 Bc6 7. Ne5 Bd6 8. Nxc6
bxc6 9. Qa4 Qd7 10. O-O O-O 11. c5 Be7 12. Bh3 Qc8 13. f4 Qa6 14. Qc2 Nbd7 15.
b3 Rab8 16. Re1 Rfe8 17. Bf1 Qb7 18. e4 dxe4 19. Nxe4 Nxe4 20. Rxe4 Nf6 21. Re2
Nd5 22. Bb2 Bf6 23. Rae1 Re7 24. f5 exf5 25. Qxf5 Rbe8 26. Rxe7 Rxe7 27. Rxe7
Nxe7 28. Qe4 Qc8 29. Bd3 g6 30. Qf3 Kg7 31. Bc4 Qd7 32. Kg2 Nd5 33. a3 Qe6 34.
Bxd5 Qxd5 35. Qxd5 cxd5 36. c6 Be7 37. b4 Bd6 38. b5 f5 39. Kf3 Kf6 40. a4 g5
41. h3 h5 42. g4 fxg4+ 43. hxg4 h4 44. Bc3 Kg6 45. Be1 Kf6 46. Kg2 Kg6 47. Bf2
Kf6 48. Bg1 Kg6 49. a5 Kf6 50. Bh2 Bxh2 51. Kxh2 Ke7 52. b6 cxb6 0-1

[Event "DBMM 2015 (XV.)"]
[Site "München"]
[Date "2015.10.23"]
[Round "6.4"]
[White "Warnest, Stefan"]
[Black "Nitsch, Norbert"]
[Result "0-1"]
[WhiteElo "1507"]
[BlackElo "1764"]
[PlyCount "186"]
[EventDate "2015.10.24"]
[EventCountry "GER"]
[WhiteTeam "Bezirksamt Berlin Tempelhof 2"]
[BlackTeam "Wüstenrot & Württembergische 1"]

1. e4 c5 2. Nf3 d6 3. d4 cxd4 4. Nxd4 Nc6 5. Nxc6 bxc6 6. Nc3 g6 7. Bc4 Bg7 8.
Qf3 e6 9. O-O Ne7 10. Bg5 Rb8 11. Rab1 Qc7 12. Bf6 O-O 13. Bxg7 Kxg7 14. Ne2 d5
15. exd5 exd5 16. Qc3+ Kg8 17. Bb3 Bd7 18. Rfe1 Qd6 19. Rbd1 Rfe8 20. Qg3 Qb4
21. c3 Qb6 22. Qd6 Rbd8 23. Nd4 Bg4 24. Qf6 Bxd1 25. Rxd1 c5 26. Qxb6 axb6 27.
Nf3 Rd6 28. Re1 Kf8 29. Ba4 Red8 30. g4 h6 31. h4 Nc6 32. b3 Na7 33. b4 c4 34.
Nd4 Rb8 35. b5 Nc8 36. Bc2 Ra8 37. a4 Ne7 38. f3 f6 39. Ne6+ Kf7 40. Nd4 Rb8
41. Kg2 h5 42. g5 fxg5 43. hxg5 Rg8 44. f4 Rf8 45. Kg3 Ke8 46. Nc6 Rf7 47. Nd4
Kd7 48. Nf3 Nf5+ 49. Bxf5+ Rxf5 50. Ne5+ Kc7 51. Nc6 Rf7 52. Re8 Rg7 53. Ra8
Rdd7 54. a5 bxa5 55. Rxa5 Kb6 56. Kf3 Rc7 57. Ra8 Kxb5 58. Nd4+ Kb6 59. Ne6 Ra7
60. Rb8+ Rab7 61. Rd8 Rgd7 62. Rg8 Rd6 63. Nd4 Rf7 64. Rb8+ Kc7 65. Rg8 Kd7 66.
Ra8 Ke7 67. Ra7+ Kf8 68. Ra8+ Kg7 69. Re8 Rdd7 70. Ne6+ Kh7 71. Nf8+ Rxf8 72.
Rxf8 d4 73. cxd4 Rxd4 74. Rc8 Rd3+ 75. Ke4 Rc3 76. Rc7+ Kg8 77. Rc6 Kf7 78.
Rf6+ Kg7 79. Rc6 Rc1 80. Ke3 c3 81. Rc7+ Kf8 82. f5 Rg1 83. f6 Rxg5 84. Kd3 Rf5
85. Kxc3 Rxf6 86. Kd4 Re6 87. Kd5 Re7 88. Rc1 Kg7 89. Kd6 Re2 90. Rf1 g5 91.
Kd5 Kg6 92. Kd4 h4 93. Kd3 Re8 0-1

[Event "DBMM 2015 (XV.)"]
[Site "München"]
[Date "2015.10.23"]
[Round "6.3"]
[White "Lindemann, Thomas"]
[Black "Kleinwächter, Manfred"]
[Result "1-0"]
[WhiteElo "1552"]
[BlackElo "1533"]
[PlyCount "85"]
[EventDate "2015.10.24"]
[EventCountry "GER"]
[WhiteTeam "Baubehörde Hamburg 2"]
[BlackTeam "Telestern Berlin 1"]

1. e4 e6 2. f4 d5 3. exd5 exd5 4. Nf3 Nf6 5. b3 Be7 6. Bb2 O-O 7. Be2 Bf5 8.
Be5 Nbd7 9. O-O Re8 10. Nc3 c6 11. Nd4 Bc5 12. Kh1 Bxd4 13. Bxd4 c5 14. Bf2 d4
15. Nb5 Nf8 16. Bf3 Qd7 17. a4 a6 18. Na3 Qc7 19. Bg3 Ng6 20. d3 Rab8 21. Qd2
Qd7 22. a5 Bg4 23. f5 Ne5 24. Bxe5 Rxe5 25. Bxg4 Nxg4 26. Qf4 Rbe8 27. Qxg4 Re2
28. h3 Qd5 29. f6 g6 30. Rac1 h5 31. Qf3 Qg5 32. Rg1 R8e3 33. Qxb7 Qh4 34. Qc8+
Kh7 35. Qd7 Qxf6 36. Rcf1 Rf2 37. Rxf2 Qxf2 38. Qd5 Kg7 39. Nc4 Re2 40. Qxc5 h4
41. Ne5 Re1 42. Nf3 Rxg1+ 43. Nxg1 1-0